ბათუმის შოთა რუსთაველის სახელმწიფო უნივერსიტეტის ბიბლიოთეკა

Учебник пчеловода (ბიბ.ჩანაწერი № 45070)

000 -LEADER
fixed length control field 00496nam a2200193Ia 4500
001 - CONTROL NUMBER
control field 11893
003 - CONTROL NUMBER IDENTIFIER
control field GE_BSU
008 - FIXED-LENGTH DATA ELEMENTS--GENERAL INFORMATION
fixed length control field 181216s||||||||xx |||||||||||||| ||und||
040 ## - CATALOGING SOURCE
Transcribing agency GE_BSU
080 ## - UNIVERSAL DECIMAL CLASSIFICATION NUMBER
Universal Decimal Classification number 638.1(075.3)
245 ## - TITLE STATEMENT
Title Учебник пчеловода
245 ## - TITLE STATEMENT
Statement of responsibility, etc. Ред.Е.Г.Нечаева.Худ.Н.И.Крылов
250 ## - EDITION STATEMENT
Edition statement изд. 2
260 ## - PUBLICATION, DISTRIBUTION, ETC.
Place of publication, distribution, etc. Москва
260 ## - PUBLICATION, DISTRIBUTION, ETC.
Date of publication, distribution, etc. 1958
300 ## - PHYSICAL DESCRIPTION
Extent 635стр.23см.
653 ## - INDEX TERM--UNCONTROLLED
Uncontrolled term Учебник пчеловода
942 ## - ADDED ENTRY ELEMENTS (KOHA)
Koha item type წიგნი
ეგზემპლარები
Withdrawn status Lost status Damaged status Not for loan Date acquired Barcode Date last seen Price effective from Koha item type
        2018-12-17 20416 2018-12-17 2018-12-17 წიგნი